|
|
|
|
| LEADER |
00000nam2a2200000 4500 |
| 001 |
66901 |
| 005 |
20231031073100.0 |
| 035 |
|
|
|a (RuTPU)RU\TPU\book\71220
|
| 035 |
|
|
|a RU\TPU\book\71217
|
| 090 |
|
|
|a 66901
|
| 100 |
|
|
|a 20040909d1961 m y0rusy50 ca
|
| 101 |
0 |
|
|a rus
|
| 102 |
|
|
|a RU
|
| 105 |
|
|
|a a j 001zy
|
| 200 |
0 |
|
|a Ч. 2
|
| 210 |
|
|
|d 1961
|
| 215 |
|
|
|a 390 с.
|c ил.
|
| 320 |
|
|
|a Библиогр.: с. 385-386.
|
| 461 |
|
1 |
|0 (RuTPU)RU\TPU\book\71215
|t Поиски и разведка месторождений полезных ископаемых
|o Учебник
|f В. М. Крейтер
|v Ч. 2
|e 2-е изд., испр. и доп.
|d 1960-
|
| 610 |
1 |
|
|a геология
|
| 610 |
1 |
|
|a месторождения
|
| 610 |
1 |
|
|a поиски
|
| 610 |
1 |
|
|a поисково-разведочные работы
|
| 610 |
1 |
|
|a разведка
|
| 610 |
1 |
|
|a полезные ископаемые
|
| 610 |
1 |
|
|a методы
|
| 610 |
1 |
|
|a технические средства
|
| 610 |
1 |
|
|a минеральное сырье
|
| 610 |
1 |
|
|a пробы
|
| 610 |
1 |
|
|a запасы
|
| 610 |
1 |
|
|a оценка
|
| 610 |
1 |
|
|a учебники
|
| 675 |
|
|
|a 550.8(075.8)
|v 3
|
| 801 |
|
1 |
|a RU
|b 63413507
|c 20030205
|g PSBO
|
| 801 |
|
2 |
|a RU
|b 63413507
|c 20220119
|g PSBO
|
| 942 |
|
|
|c BK
|